Sociedad y derecho

Guardat en:
Dades bibliogràfiques
Autor principal: Irurzun, Victor J (Autor)
Format: Llibre
Idioma:espanyol
Publicat: Buenos Aires Troquel 1966
Edició:5a. ed
Matèries:
Etiquetes: Afegir etiqueta
Sense etiquetes, Sigues el primer a etiquetar aquest registre!

MARC

LEADER 00000nam a2200000 a 4500
001 UCV1554
003 CL-VaPUC
008 900816e19660000AG |||||||||||||||||spa|d
082 0 4 |a 340.115  |b IRU  |2 21 
100 |a Irurzun, Victor J  |e author  |9 295822 
245 1 0 |a Sociedad y derecho 
250 |a 5a. ed 
300 |a 127 p 
942 |c BK 
945 |d 19900816 00:00:00 
260 |a Buenos Aires  |b Troquel  |c 1966 
650 0 |a Sociología del derecho  |9 254890 
583 |a last modification  |c 19900816 00:00:00  |k Rodrigo Vera 
999 |c 209480  |d 209478 
952 |0 0  |1 0  |4 0  |6 340_115000000000000_IRU_1966  |7 0  |8 DER_TF  |9 184901  |a BIBDER  |b BIBDER  |d 2019-11-14  |i 2522241  |o 340.115 IRU 1966  |p 2522241  |r 2023-01-25  |w 2019-11-14  |x Ubicación 4to Piso  |y BK  |z Estos recursos deben solicitarse con anticipación  |k DER 
952 |0 0  |1 0  |4 0  |6 340_115000000000000_IRU_1966  |7 0  |8 A  |9 184902  |a BIBDER  |b BIBDER  |d 2019-11-14  |i 3919021  |o 340.115 IRU 1966  |p 3919021  |r 2023-01-25  |w 2019-11-14  |y BK  |k DER